000 00451nam a22001817a 4500
003 OSt
008 240119b |||||||| |||| 00| 0 eng d
020 _a8180140059
041 _aeng
082 _a690.02
_bGUR//BU
100 _aGurcharan Singh
100 _aJagdish Singh
_9762
245 _aBuilding Planning Designing and Scheduling
250 _a5 th
260 _aDelhi
_bStandard Publishers Distributors
_c2014
300 _a388
942 _cBK
999 _c14456
_d14456